000 00285nam a2200121 a 4500
005 20140513081050.0
008 020606s19uu xx 00 eng d
050 _aP 784.19
_bMUS
245 _aMusical instruments.
650 _aInstruments--Poster
650 _aChart
999 _c116269
_d116269